000 00375nam a22001457a 4500
999 _c27716
_d27716
008 250305b ||||| |||| 00| 0 eng d
082 0 0 _a823.91
_bW557
100 _94863
_aWheatley, Dennis
245 1 0 _aThey used dark forces
_cDennis Wheatley
250 _a1st ed.
260 _aLondon :
_b Hutchinson,
_c1964.
300 _a511 p.
650 0 _aEnglish fiction
942 _cBK